00524nam a22001577a 4500008004100000040005500041080002300096245007500119250002300194260004500217300001800262500003000280650001300310653001500323700002800338230616b |||||||| |||| 00| 0 eng d aNational Science LibrarycNational Science Library aR 05(058.7) bL1.1 aUlrich's international periodicals directory c/ R. R. Bowker Company  a14th ed. (1971-72) aNew York: bR. R. Bowker Company, c1971 alxii, 1755p.  aVol.1 (A-L) Vol.2 (M-Z)  aScience  aDirectory  aGraves, Eileen C (Ed.)